LIBRARY & INFORMATION CENTRE, KCAET, TAVANUR

ONLINE PUBLIC ACCESS CATALOGUE (OPAC)

Studies on micro encapsulation of vanilla extract (Record no. 14984)

MARC details
000 -LEADER
fixed length control field 00602nam a22001817a 4500
003 - CONTROL NUMBER IDENTIFIER
control field OSt
088 ## - REPORT NUMBER
Report number T 317
100 ## - MAIN ENTRY--AUTHOR NAME
Personal name SARIGA S
245 ## - TITLE STATEMENT
Title Studies on micro encapsulation of vanilla extract
260 ## - PUBLICATION, DISTRIBUTION, ETC. (IMPRINT)
Place of publication Tavanur 2015
Name of publisher Department of Food and Agricultural Process Engineering
300 ## - PHYSICAL DESCRIPTION
Number of Pages 104
500 ## - GENERAL NOTE
General note Studies on micro encapsulation of vanilla extract
520 ## - SUMMARY, ETC.
Summary, etc Studies on micro encapsulation of vanilla extract
700 ## - ADDED ENTRY--PERSONAL NAME
Personal name Dr. Prince M.V (Guide)
856 ## - ELECTRONIC LOCATION AND ACCESS
Uniform Resource Identifier https://drive.google.com/open?id=1M5HuRGoEHdoal1xedJTeE1Tgf_Sq290o
942 ## - ADDED ENTRY ELEMENTS (KOHA)
Koha item type Theses
Holdings
Collection code Home library Current library Shelving location Full call number Accession Number Koha item type Public note
Reference KAUAET KAUAET Reference 664 SAR/ST T 317 Theses M.Tech Thesis
free website counter